BIBLIOTECA PODER JUDICIAL
Portal Judicial TDF

Ejecución penal de crímenes de lesa humanidad y genocidio en la Argentina. Criterios específicos y participación de las víctimas / (Registro nro. 5276)

000 -LEADER
fixed length control field 01750nab a22003257a 4500
003 - CONTROL NUMBER IDENTIFIER
control field OSt
005 - DATE AND TIME OF LATEST TRANSACTION
control field 20250211140805.0
008 - FIXED-LENGTH DATA ELEMENTS--GENERAL INFORMATION
fixed length control field 190429b xxu||||| |||| 00| 0 spa d
040 ## - CATALOGING SOURCE
Transcribing agency PJ
100 ## - MAIN ENTRY--PERSONAL NAME
Personal name Timpanaro, Berenice L.
9 (RLIN) 6332
245 10 - TITLE STATEMENT
Title Ejecución penal de crímenes de lesa humanidad y genocidio en la Argentina. Criterios específicos y participación de las víctimas /<br/>
Statement of responsibility, etc Berenice L. Timpanaro, Julieta Colantuono.
260 ## - PUBLICATION, DISTRIBUTION, ETC. (IMPRINT)
Date of publication, distribution, etc Ciudad Autónoma de Buenos Aires :
Place of publication, distribution, etc Thomson Reuters La Ley,
Name of publisher, distributor, etc 2025.
300 ## - PHYSICAL DESCRIPTION
Extent p. 183-198
500 ## - GENERAL NOTE
General note Cita: AR/DOC/73/2025.
505 ## - FORMATTED CONTENTS NOTE
Formatted contents note Sumario: I. Introducción.— II. El derecho penal internacional como marco normativo para la ejecución penal de condenas por delitos de genocidio y de lesa humanidad.— III. Estándares internacionales de la participación de la víctima en procesos judiciales de graves violaciones a los derechos humanos y la regulación local.— IV. Jurisprudencia.— V. Reflexiones finales.— VI. Referencias bibliográficas.<br/><br/>
505 ## - FORMATTED CONTENTS NOTE
Title Si te interesa el texto completo, solicitalo a koha@justierradelfuego.gov.ar
650 #0 - SUBJECT ADDED ENTRY--TOPICAL TERM
9 (RLIN) 343
Topical term or geographic name as entry element DERECHO PENAL
650 #0 - SUBJECT ADDED ENTRY--TOPICAL TERM
9 (RLIN) 6334
Topical term or geographic name as entry element CRÍMENES DE LESA HUMANIDAD
650 #0 - SUBJECT ADDED ENTRY--TOPICAL TERM
9 (RLIN) 614
Topical term or geographic name as entry element DERECHOS HUMANOS
650 #0 - SUBJECT ADDED ENTRY--TOPICAL TERM
9 (RLIN) 653
Topical term or geographic name as entry element DERECHO INTERNACIONAL PENAL
650 #0 - SUBJECT ADDED ENTRY--TOPICAL TERM
9 (RLIN) 2954
Topical term or geographic name as entry element LIBERTAD CONDICIONAL
650 #0 - SUBJECT ADDED ENTRY--TOPICAL TERM
9 (RLIN) 4378
Topical term or geographic name as entry element DERECHO A SER OÍDO
650 #0 - SUBJECT ADDED ENTRY--TOPICAL TERM
9 (RLIN) 4065
Topical term or geographic name as entry element PRISION DOMICILIARIA
650 #0 - SUBJECT ADDED ENTRY--TOPICAL TERM
9 (RLIN) 3047
Topical term or geographic name as entry element VÍCTIMA DEL DELITO
650 #0 - SUBJECT ADDED ENTRY--TOPICAL TERM
9 (RLIN) 2784
Topical term or geographic name as entry element QUERELLA
650 #0 - SUBJECT ADDED ENTRY--TOPICAL TERM
9 (RLIN) 6335
Topical term or geographic name as entry element CORTE PENAL INTERNACIONAL
700 ## - ADDED ENTRY--PERSONAL NAME
9 (RLIN) 6333
Personal name Colantuono, Julieta
773 0# - HOST ITEM ENTRY
Host Biblionumber 2658
Host Itemnumber 3164
Title Revista de derecho penal y criminología. Nº 1 - Febrero 2025
Place, publisher, and date of publication Ciudad Autónoma de Buenos Aires : Thomson Reuters La Ley, 2017-
International Standard Serial Number 00347914
942 ## - ADDED ENTRY ELEMENTS (KOHA)
Source of classification or shelving scheme
Koha item type Analítica Artículo de Revista

No hay ítems disponibles.

12 de Octubre 789 Ushuaia - Tel:  54(02901)441571
Horario de Atención: 8.00 a 17.00 hs. 
bibliotecaush@justierradelfuego.gov.ar
koha@justierradelfuego.gov.ar
Seguinos en nuestras redes @bibliojustdf 

Con tecnología Koha